000 00527nam a2200193Ia 4500
005 20250923145239.0
008 008 250917s9999 xx 000 0 eng d
037 _aTextual
040 _aDSWL
_beng
_cDSWL
041 _aeng
_2eng
084 _aYx, N70
_qDSWL
245 0 _aFreedom Reason or Revolution?
_cEd.by Gordon Bowker
260 _aLondon
_bRoutledge & Kegan Paul
_c1970
300 _aviii,118p.
365 _aINR
_b12
925 _g12
942 _cTEXL
_hYx, N70
999 _c1448923
_d1448923